01103nam a2200289 i 450000500170000000700030001700800410002002000180006104000350007908200230011410000320013724500860016925000230025526400390027830000430031733600270036033700330038733800280042052100380044865000590048665000580054565000710060365000730067470000390074794200120078699900150079820220317002009.0ta201104s2017 ck o ||er|||| 00| 0 spa d a9789585979505 aCO-BoRNBPbspacCO-BoRNBPerda04a770.9861bU77b2221 aUrrego, Juan Camilo eautor10aBoyacá en bicicleta cfotografías Juan Camilo Urrego ; prólogo Fabio Parra  aPrimera edición  1aBogotábCaballito de Aceroc2017 a[156] páginasbfotografíasc17 cm  2rdacontentatextobtxt 2rdamediaasin mediaciónbn 2rdacarrieravolumenbnc aRecomendado para público adulto172LEMBaBicicletaszBoyacá (Colombia) vFotografías 172LEMBaCiclismo zBoyacá (Colombia)vFotografías 172LEMBaBoyacá (Colombia)xDescripciones y viajesvFotografías 172LEMBaBoyacá (Colombia) xVida social y costumbresvFotografías 1 aParra, Fabio eprologuista9156347 2ddccBK c8834d8834